Obálka Náhled e-knihy:
PDF Epub
Pro půjčování e-knih musíte být přihlášeni.
Jak si půjčit online?

Sběratel kostí /

Rutinovaně napsaný detektivní thriller amerického autora s originální postavou policejního vyšetřovatele.

Uloženo v:
Série:Případy Lincolna Rhyma, část 1
Hlavní autor: Deaver, Jeffery, 1950- (Autor)
Další autoři: Kobělka, Jiří, 1970- (Autor)
Médium: E-kniha
Jazyk:Czech
Vydáno: V Praze : Kniha Zlin, 2024
Vydání:5. vydání (pod značkou Kniha Zlin první)
Témata:
Příbuzné jednotky:Z cyklu:: Případy Lincolna Rhyma
Tagy:
Žádné tagy
LEADER 02740nam a2200493 i 4500
001 312523
003 CZ PrSKC
005 20260601215724.0
007 ta
008 241009s2024 xr g 000 f cze
015 |a cnb003636427 
020 |a 9788076627215  |q (vázáno) 
035 |a (OCoLC)1468021799 
040 |a OLA001  |b cze  |d ABG001  |e rda 
041 1 |a cze  |h eng 
072 7 |a 821.111(73)-3  |x Americká próza  |2 Konspekt 
080 |a 821.111(73)-31  |2 MRF 
080 |a (0:82-312.4)  |2 MRF 
100 1 |a Deaver, Jeffery,  |d 1950-  |7 jn20001103550  |4 aut 
240 1 0 |a Bone collector.  |l Česky 
245 1 0 |a Sběratel kostí /  |c Jeffery Deaver ; z anglického originálu The bone collector ... přeložil Jiří Kobělka 
250 |a 5. vydání (pod značkou Kniha Zlin první) 
264 1 |a V Praze :  |b Kniha Zlin,  |c 2024 
300 |a 462 stran ;  |c 22 cm 
336 |a text  |b txt  |2 rdacontent 
337 |a bez média  |b n  |2 rdamedia 
338 |a svazek  |b nc  |2 rdacarrier 
500 |a Obálkový podnázev: první případ Lincolna Rhyma 
500 |a Terminologický slovník 
520 2 |a Rutinovaně napsaný detektivní thriller amerického autora s originální postavou policejního vyšetřovatele.  |b Lincoln Rhyme býval brilantním kriminalistou, géniem na poli forenzní analýzy. Pak přišel nešťastný úraz, po kterém je Rhyme zcela nepohyblivý a emocionálně na dně. Schopnost bravurního úsudku a dedukce mu naštěstí zůstala, a tak může policii pomáhat při pátrání po sériovém vrahovi, který děsí celý New York. S pomocí špičkové laboratorní techniky a hlavně s přispěním začínající policistky Amélie Sachsové postupně prochází labyrintem stop a vodítek, které mu Sběratel kostí předložil. Nakladatelská anotace. 
655 7 |a americké romány  |7 fd131796  |2 czenas 
655 7 |a detektivní romány  |7 fd132010  |2 czenas 
655 7 |a thrillery (romány)  |7 fd184206  |2 czenas 
655 9 |a American fiction  |2 eczenas 
655 9 |a detective novels  |2 eczenas 
655 9 |a thrillers (novels)  |2 eczenas 
700 1 |a Kobělka, Jiří,  |d 1970-  |7 jn20001103551  |4 trl 
787 0 8 |i Z cyklu:  |t Případy Lincolna Rhyma  |g 1 
900 |a ABA001  |b 20 
928 9 |a Albatros Media - Kniha Zlin 
044 |a xr 
910 |a RBIT002 
998 |d 414551  |a https://core.palmknihy.cz/api/books/414551/cover?sklkoe  |b https://core.palmknihy.cz/api/books/414551/cover/400?sklkoe  |c https://core.palmknihy.cz/api/books/414551/cover/50?sklkoe  |e 2027-07-18  |g 464  |i 9788076627215  |j https://core.palmknihy.cz/api/books/414551/preview.epub  |k https://core.palmknihy.cz/api/books/414551/preview.pdf  |l   |q 49  |r 1  |s https://www.palmknihy.cz/kniha/414551  |t ebook  |y 2024  |z 0  |v Případy Lincolna Rhyma  |w 1 
999 |d 312521